| 000 | 00476nam a2200181Ia 4500 | ||
|---|---|---|---|
| 003 | GCL | ||
| 008 | 140319s9999 xx 000 0 ara d | ||
| 040 |
_aGCL / _cGCL |
||
| 082 | 0 | 4 |
_aق _b962.15 _bم ق |
| 100 | 1 | _aمصطفى الحفناوى | |
| 245 | 1 | 0 |
_aقصة قناة السويس / _cمصطفى الحفناوى |
| 300 | _a164 ص | ||
| 490 |
_a100 قصة _v0 |
||
| 650 | 0 | 4 | _aمصر |
| 650 | 0 | 4 | _aالتاريخ |
| 650 | 0 | 4 | _aقناة السويس |
| 942 |
_2ddc _cBK |
||
| 999 |
_c44094 _d44094 |
||